<?xml version="1.0" encoding="UTF-8"?>
<record
    xmlns:xsi="http://www.w3.org/2001/XMLSchema-instance"
    xsi:schemaLocation="http://www.loc.gov/MARC21/slim http://www.loc.gov/standards/marcxml/schema/MARC21slim.xsd"
    xmlns="http://www.loc.gov/MARC21/slim">

  <leader>00398nam a22001337a 4500</leader>
  <datafield tag="020" ind1=" " ind2=" ">
    <subfield code="a">1-58053-133-4</subfield>
  </datafield>
  <datafield tag="082" ind1=" " ind2=" ">
    <subfield code="a">388.3124</subfield>
    <subfield code="b">MCQ</subfield>
    <subfield code="c">N-01,P-95</subfield>
  </datafield>
  <datafield tag="100" ind1=" " ind2=" ">
    <subfield code="a">Mcqueen, Bob.</subfield>
    <subfield code="9">38482</subfield>
  </datafield>
  <datafield tag="245" ind1=" " ind2=" ">
    <subfield code="a">Advance traveler information systems</subfield>
    <subfield code="c">Mcqueen, Bob.</subfield>
  </datafield>
  <datafield tag="260" ind1=" " ind2=" ">
    <subfield code="a">Norwood.;</subfield>
    <subfield code="b">Artech House</subfield>
    <subfield code="c">2002</subfield>
  </datafield>
  <datafield tag="300" ind1=" " ind2=" ">
    <subfield code="a">xiii, 241 p, :</subfield>
    <subfield code="b">ill, :</subfield>
    <subfield code="c">20 Cm</subfield>
  </datafield>
  <datafield tag="526" ind1=" " ind2=" ">
    <subfield code="a">0</subfield>
    <subfield code="b">0</subfield>
    <subfield code="c">0</subfield>
    <subfield code="d">388_312400000000000_MCQ</subfield>
  </datafield>
  <datafield tag="942" ind1=" " ind2=" ">
    <subfield code="2">ddc</subfield>
    <subfield code="c">BK</subfield>
  </datafield>
  <datafield tag="999" ind1=" " ind2=" ">
    <subfield code="c">543311</subfield>
    <subfield code="d">543311</subfield>
  </datafield>
  <datafield tag="952" ind1=" " ind2=" ">
    <subfield code="0">0</subfield>
    <subfield code="1">0</subfield>
    <subfield code="2">ddc</subfield>
    <subfield code="4">0</subfield>
    <subfield code="7">0</subfield>
    <subfield code="a">MCE</subfield>
    <subfield code="b">MCE</subfield>
    <subfield code="d">2014-03-20</subfield>
    <subfield code="l">0</subfield>
    <subfield code="o">388.3124 MCQ</subfield>
    <subfield code="p">MCE-36384</subfield>
    <subfield code="r">2014-03-20</subfield>
    <subfield code="w">2014-03-20</subfield>
    <subfield code="y">BK</subfield>
  </datafield>
</record>
